000 00886nam a2200229 a 4500
001 000036216
005 20200930074950.0
008 120111s2004 dr 000 0 spa d
040 _aDO-SdBNP
_bspa
_cBNPHU
082 _a346.064
_bR426a
110 1 _aRepublica Dominicana.
_9447
240 1 0 _a[Leyes, etc.]
245 1 0 _aAnte-proyecto de ley para la regulación y fomento de las asociaciones sin fines de lucro en la República Dominicana.
246 1 4 _aUm marco legal para la solidaridad: por una Ley de Asociaciones sin Fines de Lucro (ASFL)
260 _aSanto Domingo :
_b[s.n.],
_c2004.
300 _a53 p. ;
_c22 cm.
650 4 _aOrganizaciones sin animo de lucro
_xLegislación
_957236
650 4 _aOrganizaciones no-gubernamentales
_xLegislación
_957237
651 4 _aRepública Dominicana
_xLey 122-05
_957238
910 _aValidado. Control de calidad
049 _aBNPD
999 _c35707
_d35707